[Event "Bay Area International"]
[Site "?"]
[Date "2014.01.06"]
[Round "7"]
[White "Banik, Siddharth"]
[Black "Gurevich, Daniel"]
[Result "0-1"]
[WhiteElo "2002"]
[BlackElo "2272"]
[Annotator "Alex Baburin (www.chesstoday.net)"]
[PlyCount "218"]
[EventDate "2014.??.??"]
[Source "Chess Today"]
[SourceDate "2014.01.07"]

1. e4 c5 2. Nf3 g6 3. d4 cxd4 4. Nxd4 Nc6 5. Nc3 Bg7 6. Be3 Nf6 7. Bc4 O-O 8.
Bb3 Re8 9. O-O d6 10. h3 Na5 11. f4 Nxb3 12. axb3 Nd7 13. Ndb5 a6 14. Nd5 Rb8
15. Nd4 e6 16. Nc3 e5 17. Nf3 exf4 18. Bxf4 Ne5 19. Bg5 Qb6+ 20. Kh1 Be6 21.
Nd5 Bxd5 22. Qxd5 Qc7 23. c3 Nxf3 24. gxf3 Re5 25. Qd2 Qd7 26. Kg2 Rbe8 27. h4
f5 28. Bf4 R5e6 29. Qd5 fxe4 30. fxe4 Kh8 31. Rae1 Bf6 32. Bg3 Qe7 33. Rf4 Be5
34. Rf3 Bg7 35. Rd3 h5 36. Kh3 Qd7 37. Kg2 Qe7 38. Kh3 Rxe4 39. Rxe4 Qxe4 40.
Qxe4 Rxe4 41. Rxd6 Re2 42. Rxg6 Rxb2 43. Rb6 Bxc3 44. Rxb7 a5 45. Bf4 Kg8 46.
Bg3 Bb4 47. Rg7+ Kf8 48. Ra7 Rxb3 49. Kg2 Ra3 50. Rh7 a4 51. Rxh5 Ra2+ 52. Kf3
a3 53. Rb5 Be7 54. Ra5 Rb2 55. Be5 Rb3+ 56. Ke2 Kf7 57. Kd1 Ke6 58. Kc2 Rh3 59.
Bf4 Bb4 60. Ra4 Bc5 61. Bc1 Kd5 62. Bxa3 Bxa3 63. Kd2 Bc5 64. Rg4 Bd4 65. Ke2
Ke5 66. Kd2 Bf2 67. Ra4 Bd4 68. Ra8 Ke4 69. Re8+ Be5 70. Kc2 Rxh4 71. Kb3 Rh7
72. Rd8 Bd4 73. Kc4 Rc7+ 74. Kb5 Rc5+ 75. Kb4 Kd3 76. Rg8 Rc6 77. Rg5 Ke4 78.
Rg4+ Kd5 79. Rg5+ Be5 80. Kb3 Rc3+ 81. Kb4 Rc2 82. Ka3 Rh2 83. Rf5 Ke4 84. Rf1
Bd4 85. Kb3 Rb2+ 86. Kc4 Rc2+ 87. Kb3 Rc6 88. Re1+ Kd5 89. Re8 Rb6+ 90. Kc2 Kc4
91. Rc8+ Bc5 92. Rc7 Rf6 93. Rd7 Rf8 94. Rd2 Bd4 95. Kd1 Bc3 96. Rh2 Rd8+ 97.
Kc2 Ra8 {Diagram # Black had only 23 moves to checkmate the white king - an
impossible task, if White defended correctly.} 98. Rh4+ ({It was better to use
the "second rank defence" -} 98. Re2 $1) 98... Bd4 99. Rh3 Ra2+ 100. Kd1 Bc3
101. Rh7 Rd2+ 102. Kc1 Rf2 103. Rd7 Bd4 {Diagram #} 104. Rc7+ $2 ({Only} 104.
Rh7 $1 {would still keep the balance.}) 104... Kd3 105. Kb1 Rb2+ 106. Kc1 Ra2 {
Diagram #} 107. Rb7 $2 (107. Kd1 $1 Rf2 108. Re7 Rg2 109. Re8 Rb2 110. Rc8 Bb6
111. Rc6 (111. Kc1 $6 Rb5 112. Kd1 Rf5 113. Kc1 Bd4 114. Kb1 Ra5) 111... Be3
112. Rd6+ Bd4 113. Rc6 Rd2+ 114. Kc1 Rf2 115. Kb1 Rb2+ 116. Kc1 Rb5 117. Rd6
Ra5) 107... Rg2 108. Kb1 Rg1+ 109. Ka2 Ra1+ 0-1

[Event "Bay Area International"]
[Site "?"]
[Date "2014.01.06"]
[Round "7"]
[White "Berczes, David"]
[Black "Friedel, Josh"]
[Result "0-1"]
[WhiteElo "2519"]
[BlackElo "2490"]
[Annotator "Alex Baburin (www.chesstoday.net)"]
[PlyCount "70"]
[EventDate "2014.??.??"]
[Source "Chess Today"]
[SourceDate "2014.01.07"]

1. c4 e5 2. g3 Nf6 3. Bg2 d5 4. cxd5 Nxd5 5. Nf3 Nc6 6. O-O Be7 7. Nc3 Nb6 8.
a3 O-O 9. b4 Be6 10. Rb1 f6 11. d3 Nd4 12. Nxd4 exd4 13. Ne4 Bd5 14. Bh3 f5 15.
Nc5 a5 16. Bb2 axb4 17. axb4 Kh8 18. Bxd4 Ba2 19. e3 Bxc5 20. bxc5 Bxb1 21.
Qxb1 Nd5 22. Qb2 Qe7 23. Qxb7 Rad8 24. Bg2 Qf7 25. Be5 c6 26. Qxc6 f4 27. gxf4
Ne7 28. Qe4 Nf5 29. Rb1 Qa2 30. d4 Qe2 31. Bf3 Qa2 32. Bg4 Nh4 33. c6 Rde8 34.
Rb7 Rf7 {Diagram # White is clearly winning, but the Hungarian GM made a
horrible blunder:} 35. Rxf7 $4 Qa1+ 0-1

[Event "Bay Area International"]
[Site "?"]
[Date "2014.01.06"]
[Round "7"]
[White "Chen, Wang"]
[Black "Abrahamyan, Tatev"]
[Result "0-1"]
[WhiteElo "2507"]
[BlackElo "2356"]
[PlyCount "110"]
[EventDate "2014.??.??"]
[Source "Chess Today"]
[SourceDate "2014.01.07"]

1. b3 e5 2. Bb2 Nc6 3. e3 Nf6 4. Bb5 Bd6 5. Na3 Be7 6. Ne2 O-O 7. O-O d5 8. Nb1
Bd6 9. Bxc6 bxc6 10. d3 Qe7 11. Nd2 Bd7 12. h3 Rac8 13. Kh1 h6 14. c4 Nh7 15.
e4 f5 16. Ng1 dxe4 17. dxe4 Nf6 18. Qe2 fxe4 19. Nxe4 Nxe4 20. Qxe4 Rf4 21. Qc2
Rcf8 22. Rae1 e4 23. Re2 c5 24. g3 R4f5 25. f4 Bc6 26. Re3 Kh7 27. Ne2 g5 28.
Rg1 Qe6 29. Rg2 Be7 30. Kh2 Bd6 31. Qc3 R5f7 32. Qe1 Rg8 33. Rf2 Bd7 34. Qf1
Rgf8 35. Qg2 Bc6 36. h4 gxh4 37. gxh4 Qe7 38. Rf1 Rg8 39. Rg3 Qxh4+ 40. Qh3
Qxh3+ 41. Rxh3 Bd7 42. Rg3 Bg4 43. Rfg1 h5 44. Bc1 Re8 45. Rxg4 hxg4 46. Kg3
Kg6 47. Rh1 Rh7 48. Rxh7 Kxh7 49. Be3 Rg8 50. Nc3 Kg6 51. Bc1 Kf5 52. Nd1 Rh8
53. Ne3+ Ke6 54. Nxg4 Rh1 55. Be3 Kf5 0-1

[Event "Bay Area International"]
[Site "?"]
[Date "2014.01.06"]
[Round "7"]
[White "Coraretti, Benjamin"]
[Black "de Guzman, Ricardo"]
[Result "0-1"]
[WhiteElo "2170"]
[BlackElo "2409"]
[PlyCount "46"]
[EventDate "1.??.??"]
[Source "Chess Today"]
[SourceDate "2014.01.07"]

1. d4 Nf6 2. g3 c5 3. c3 e6 4. Bg2 d5 5. Nf3 Nc6 6. O-O Be7 7. e3 O-O 8. Nbd2
Qc7 9. b3 e5 10. dxe5 Nxe5 11. Nxe5 Qxe5 12. Bb2 Bg4 13. Qc2 Qh5 14. Rfe1 Rad8
15. c4 Bh3 16. Bh1 Ng4 17. Nf3 Bf6 18. Bxf6 Nxf6 19. Rac1 Bf5 20. Qb2 Be4 21.
Nd2 Ng4 22. Nf1 Ne5 23. Qe2 Nf3+ 0-1

[Event "Bay Area International"]
[Site "?"]
[Date "2014.01.06"]
[Round "7"]
[White "Cornejo, Max"]
[Black "Bregadze, Levan"]
[Result "1/2-1/2"]
[WhiteElo "2365"]
[BlackElo "2417"]
[PlyCount "98"]
[EventDate "2014.??.??"]
[Source "Chess Today"]
[SourceDate "2014.01.07"]

1. e4 d6 2. d4 g6 3. c3 Bg7 4. f4 Nf6 5. Bd3 e5 6. Nf3 Bg4 7. O-O Nbd7 8. Be3
O-O 9. h3 Bxf3 10. Qxf3 exd4 11. cxd4 c5 12. Nc3 Ng4 13. hxg4 cxd4 14. Bf2 dxc3
15. bxc3 Rc8 16. Bd4 Nc5 17. Rfd1 Na4 18. Bxg7 Kxg7 19. Qf2 Nxc3 20. Rdc1 Qb6
21. Qxb6 axb6 22. Kf2 Rc5 23. Ke3 Re8 24. Kd4 Rec8 25. Rh1 Ra8 26. a4 Rxa4+ 27.
Rxa4 Nxa4 28. Rb1 Ra5 29. Bc4 Nc5 30. Rxb6 Ra4 31. e5 Ne6+ 32. Kc3 d5 33. Bxd5
Rxf4 34. Bxe6 fxe6 35. g5 Rg4 36. Rxb7+ Kf8 37. Rb8+ Ke7 38. Rb7+ Ke8 39. Rxh7
Rxg2 40. Kd4 Rxg5 41. Ra7 Rg1 42. Ra8+ Kf7 43. Ra7+ Kf8 44. Ra8+ Kg7 45. Ra7+
Kh6 46. Ra6 Rd1+ 47. Kc4 Re1 48. Kd4 g5 49. Rxe6+ Kh5 1/2-1/2

[Event "Bay Area International"]
[Site "?"]
[Date "2014.01.06"]
[Round "7"]
[White "Gorovets, Andrey"]
[Black "Remlinger, Larry"]
[Result "1-0"]
[WhiteElo "2494"]
[BlackElo "2304"]
[PlyCount "87"]
[EventDate "2014.??.??"]
[Source "Chess Today"]
[SourceDate "2014.01.07"]

1. d4 Nf6 2. c4 g6 3. Nc3 Bg7 4. e4 d6 5. Be2 O-O 6. Bg5 Na6 7. Qd2 e5 8. d5 c6
9. f3 cxd5 10. cxd5 Bd7 11. Bxa6 bxa6 12. Nge2 a5 13. b3 Qb6 14. Be3 Qa6 15.
O-O Rab8 16. Rac1 Nh5 17. g4 Nf4 18. Nxf4 exf4 19. Bxf4 f5 20. gxf5 gxf5 21.
Bh6 Rf7 22. Bxg7 Rxg7+ 23. Kh1 Rf8 24. Rg1 Rff7 25. Rxg7+ Rxg7 26. Rg1 Rxg1+
27. Kxg1 Qb6+ 28. Kg2 Qd8 29. Qh6 Qe7 30. Qe3 Be8 31. Ne2 Bg6 32. Ng3 fxe4 33.
fxe4 Qe5 34. Kf3 Bh5+ 35. Nxh5 Qxh5+ 36. Kg3 Qg6+ 37. Kh4 Kf7 38. Qxa7+ Kf6 39.
Qd4+ Ke7 40. Qe3 h6 41. Qf4 Qg2 42. e5 Qxd5 43. Qf6+ Ke8 44. Qg6+ 1-0

[Event "Bay Area International"]
[Site "?"]
[Date "2014.01.06"]
[Round "7"]
[White "Hernandez, Holden"]
[Black "Aleskerov, Faik"]
[Result "1/2-1/2"]
[WhiteElo "2548"]
[BlackElo "2331"]
[PlyCount "106"]
[EventDate "2014.??.??"]
[Source "Chess Today"]
[SourceDate "2014.01.07"]

1. d4 Nf6 2. c4 e6 3. Nf3 d5 4. Nc3 c6 5. Qd3 Nbd7 6. g3 Bd6 7. Bg2 O-O 8. O-O
dxc4 9. Qxc4 e5 10. Rd1 Qe7 11. e4 c5 12. dxe5 Nxe5 13. Qe2 Bg4 14. Bg5 Qe6 15.
h3 Nxf3+ 16. Bxf3 Bxf3 17. Qxf3 Be5 18. Bxf6 Qxf6 19. Qxf6 Bxf6 20. Rd7 Rab8
21. Rad1 Bd4 22. Kg2 a6 23. Rd2 b5 24. Nd5 Rfd8 25. Ne7+ Kf8 26. Rxd8+ Rxd8 27.
Nc6 Rd6 28. Nxd4 cxd4 29. Kf3 Ke7 30. e5 Re6 31. Kf4 f6 32. exf6+ Rxf6+ 33. Ke4
g5 34. Kxd4 Rh6 35. Re2+ Kf7 36. Rc2 Rxh3 37. Rc6 Rh1 38. Rxa6 Rb1 39. b3 Rb2
40. f4 g4 41. Rh6 Rd2+ 42. Ke5 Kg7 43. Rb6 Rxa2 44. Rb7+ Kg6 45. f5+ Kh6 46.
Kf4 Rd2 47. Rxb5 Rd4+ 48. Ke5 Rd3 49. Kf4 Rd4+ 50. Ke3 Rd6 51. Rb8 Kg5 52. Ke4
Rd7 53. Rg8+ Kf6 1/2-1/2

[Event "Bay Area International"]
[Site "?"]
[Date "2014.01.06"]
[Round "7"]
[White "Ipatov, Alexander"]
[Black "Rui, Gao"]
[Result "1/2-1/2"]
[WhiteElo "2615"]
[BlackElo "2454"]
[PlyCount "60"]
[EventDate "2014.??.??"]
[Source "Chess Today"]
[SourceDate "2014.01.07"]

1. b3 Nf6 2. Bb2 g6 3. g3 Bg7 4. Bg2 d5 5. Nf3 c5 6. c4 d4 7. b4 Nc6 8. b5 Na5
9. d3 O-O 10. O-O Ne8 11. Nbd2 Nd6 12. Nb3 Nxb3 13. axb3 e5 14. Nd2 a5 15. bxa6
Rxa6 16. b4 cxb4 17. Qb3 Bg4 18. c5 Nb5 19. Qxb4 Rxa1 20. Rxa1 Nc3 21. Qxb7
Nxe2+ 22. Kh1 Nc3 23. Ra7 Qg5 24. Nf1 e4 25. dxe4 Nd1 26. f4 Qh5 27. e5 Nf2+
28. Kg1 Nh3+ 29. Kh1 Nf2+ 30. Kg1 Nh3+ 1/2-1/2

[Event "Bay Area International"]
[Site "?"]
[Date "2014.01.06"]
[Round "7"]
[White "Kovalyov, Anton"]
[Black "Shankland, Sam"]
[Result "1/2-1/2"]
[WhiteElo "2617"]
[BlackElo "2602"]
[PlyCount "28"]
[EventDate "2014.??.??"]
[Source "Chess Today"]
[SourceDate "2014.01.07"]

1. Nf3 c5 2. c4 Nf6 3. Nc3 Nc6 4. g3 g6 5. Bg2 d6 6. d4 cxd4 7. Nxd4 Bd7 8. Nc2
Bg7 9. h3 O-O 10. Bd2 Ne5 11. b3 Bc6 12. Nd5 e6 13. Nxf6+ Qxf6 14. O-O Bxg2
1/2-1/2

[Event "Bay Area International"]
[Site "?"]
[Date "2014.01.06"]
[Round "7"]
[White "Liou, Yian"]
[Black "Gerzhoy, Leonid"]
[Result "0-1"]
[WhiteElo "2391"]
[BlackElo "2481"]
[PlyCount "110"]
[EventDate "2014.??.??"]
[Source "Chess Today"]
[SourceDate "2014.01.07"]

1. e4 c6 2. Nf3 d5 3. Nc3 Bg4 4. h3 Bxf3 5. Qxf3 Nf6 6. d3 e6 7. Qg3 Nbd7 8.
Be2 Bb4 9. exd5 exd5 10. O-O O-O 11. a3 Ba5 12. Bf4 Re8 13. Bf3 Nf8 14. b4 Bb6
15. Na4 Qd7 16. Be5 Qf5 17. Nxb6 axb6 18. Bb2 b5 19. Rfe1 Ng6 20. Re3 Re6 21.
Rae1 Rae8 22. Bd1 h6 23. Bd4 Kh7 24. Rf1 Nf4 25. Rf3 g5 26. Re3 h5 27. Rfe1 g4
28. hxg4 Nxg4 29. Rxe6 Rxe6 30. f3 Ne5 31. Qh4 Neg6 32. Qf2 Qg5 33. Kf1 Rxe1+
34. Kxe1 Nxg2+ 35. Kf1 N2f4 36. Bc3 h4 37. Qd4 Nh5 38. f4 Qxf4+ 39. Qxf4 Ngxf4
40. Kg1 Kg6 41. Kh2 Ng3 42. Bg4 f5 43. Bf3 Nf1+ 44. Kg1 Ne3 45. Kf2 Nxc2 46.
Bd1 d4 47. Bd2 Ne3 48. Bxe3 dxe3+ 49. Kxe3 Kg5 50. a4 bxa4 51. Bxa4 h3 52. Bd1
h2 53. Bf3 Nd5+ 54. Kf2 Nxb4 55. d4 Kf4 0-1

[Event "Bay Area International"]
[Site "?"]
[Date "2014.01.06"]
[Round "7"]
[White "Macieja, Bartlomiej"]
[Black "Yang, Darwin"]
[Result "1-0"]
[WhiteElo "2583"]
[BlackElo "2463"]
[PlyCount "71"]
[EventDate "2014.??.??"]
[Source "Chess Today"]
[SourceDate "2014.01.07"]

1. Nf3 Nf6 2. c4 c5 3. Nc3 Nc6 4. g3 d5 5. d4 e6 6. cxd5 exd5 7. Bg2 Be7 8. O-O
O-O 9. dxc5 Bxc5 10. Na4 Be7 11. Be3 Re8 12. Rc1 Ne4 13. Nd4 Qa5 14. Rxc6 bxc6
15. Nxc6 Qb5 16. Nxa7 Qa5 17. Nxc8 Raxc8 18. b3 Bf6 19. Qd3 Nc3 20. Nxc3 Rxc3
21. Qxd5 Qxa2 22. Qb5 Rd8 23. Bd5 h6 24. Bc4 Qa8 25. Qf5 Qc6 26. Qg4 Qc8 27.
Qe4 Qd7 28. Bd3 g6 29. Bxh6 Kh7 30. Bf4 Rxb3 31. Rd1 Qe7 32. Qf3 Kg7 33. h4 Rb5
34. Rc1 Rbd5 35. Rc6 Rc5 36. Rxf6 1-0

[Event "Bay Area International"]
[Site "?"]
[Date "2014.01.06"]
[Round "7"]
[White "Naroditsky, Daniel"]
[Black "Margvelashvili, Giorgi"]
[Result "1/2-1/2"]
[WhiteElo "2535"]
[BlackElo "2555"]
[PlyCount "51"]
[EventDate "2014.??.??"]
[Source "Chess Today"]
[SourceDate "2014.01.07"]

1. e4 c6 2. d4 d5 3. Nd2 dxe4 4. Nxe4 Bf5 5. Ng3 Bg6 6. h4 h6 7. Nf3 Nd7 8. h5
Bh7 9. Bd3 Bxd3 10. Qxd3 e6 11. Bd2 Ngf6 12. O-O-O Qc7 13. Ne4 O-O-O 14. g3
Nxe4 15. Qxe4 Nf6 16. Qe2 Bd6 17. Kb1 Rd7 18. c4 c5 19. dxc5 Qxc5 20. Be3 Qf5+
21. Ka1 Bc5 22. Bxc5 Qxc5 23. Ne5 Rxd1+ 24. Rxd1 Qc7 25. g4 Rd8 26. Rxd8+
1/2-1/2

[Event "Bay Area International"]
[Site "?"]
[Date "2014.01.06"]
[Round "7"]
[White "Odondo, Ganbold"]
[Black "Cao, Jason"]
[Result "1-0"]
[WhiteElo "2335"]
[BlackElo "2151"]
[PlyCount "77"]
[EventDate "2014.??.??"]
[Source "Chess Today"]
[SourceDate "2014.01.07"]

1. e4 c5 2. Nf3 d6 3. c3 Nf6 4. Be2 g6 5. O-O Bg7 6. Re1 O-O 7. Bf1 Bg4 8. h3
Bxf3 9. Qxf3 Nc6 10. g4 Rb8 11. Qg3 b5 12. f4 Nd7 13. Na3 b4 14. Nc4 bxc3 15.
dxc3 Nb6 16. Ne3 Na4 17. Nd1 Qc7 18. h4 e6 19. b3 Nb6 20. Rb1 a5 21. Bd3 c4 22.
bxc4 Ne7 23. Ba3 Nd7 24. Rxb8 Rxb8 25. e5 Nc5 26. exd6 Qxd6 27. Bc2 Rc8 28. Qe3
Qc7 29. Nf2 Bh6 30. Nh3 Nb7 31. Ng5 Nc6 32. Rd1 Bf8 33. Nxe6 fxe6 34. Qxe6+ Kh8
35. Rd7 Qb6+ 36. c5 Bxc5+ 37. Kg2 Ne7 38. Qe5+ Kg8 39. Bb3+ 1-0

[Event "Bay Area International"]
[Site "?"]
[Date "2014.01.06"]
[Round "7"]
[White "Sevian, Samuel"]
[Black "Shiqun, Ni"]
[Result "1/2-1/2"]
[WhiteElo "2401"]
[BlackElo "2299"]
[PlyCount "47"]
[EventDate "2014.??.??"]
[Source "Chess Today"]
[SourceDate "2014.01.07"]

1. Nf3 Nf6 2. g3 g6 3. Bg2 Bg7 4. O-O O-O 5. d3 d5 6. Nbd2 c5 7. e4 dxe4 8.
dxe4 Nc6 9. Re1 Qc7 10. c3 Rd8 11. Qc2 Nd7 12. Nc4 Nde5 13. Nfxe5 Nxe5 14. Nxe5
Bxe5 15. Be3 b6 16. f4 Bg7 17. Rad1 Bb7 18. Kf2 e6 19. Re2 Rxd1 20. Qxd1 Rd8
21. Rd2 Bf6 22. Rxd8+ Bxd8 23. Bf3 Be7 24. Qd3 1/2-1/2

[Event "Bay Area International"]
[Site "?"]
[Date "2014.01.06"]
[Round "7"]
[White "Shivaji, Shivkumar"]
[Black "Melekhina, Alisa"]
[Result "0-1"]
[WhiteElo "2273"]
[BlackElo "2188"]
[PlyCount "134"]
[EventDate "2014.??.??"]
[Source "Chess Today"]
[SourceDate "2014.01.07"]

1. e4 c5 2. Nf3 Nc6 3. Bb5 g6 4. Bxc6 dxc6 5. d3 Bg7 6. h3 e5 7. Be3 b6 8. Nbd2
Ne7 9. a3 a5 10. O-O Qc7 11. b4 axb4 12. axb4 Rxa1 13. Qxa1 cxb4 14. Qa4 f5 15.
Qxb4 c5 16. Qb2 O-O 17. Nc4 fxe4 18. dxe4 Bxh3 19. Ng5 Bg4 20. f3 h6 21. fxg4
Rxf1+ 22. Kxf1 hxg5 23. Qxb6 Qd7 24. Qd6 Qb5 25. Qe6+ Kh7 26. Kg1 Nc6 27. Kh2
Nd4 28. Qf7 Qc6 29. Nd2 Nxc2 30. Bxg5 Nd4 31. Qd5 Qxd5 32. exd5 Bh6 33. Bxh6
Kxh6 34. Kg3 Kg7 35. g5 Nf5+ 36. Kf3 Nd6 37. Ke3 c4 38. Nf3 e4 39. Ne1 Kf7 40.
Kd4 Ke7 41. Nc2 Kd7 42. Ne3 Kc7 43. Ke5 c3 44. Kf6 Nc4 45. Nc2 e3 46. Ke7 e2
47. g4 Nd6 48. Ne1 Nb5 49. Nc2 Nd4 50. d6+ Kb7 51. d7 Nxc2 52. d8=Q e1=Q+ 53.
Kf6 Ne3 54. Qe7+ Kc6 55. Qe6+ Kc5 56. Qc8+ Kd4 57. Kxg6 Qb1+ 58. Kh6 c2 59.
Qd8+ Nd5 60. Qh8+ Kd3 61. Qh7+ Kd2 62. Qe4 c1=Q 63. Qxd5+ Ke3 64. Qe5+ Kf3 65.
Qd5+ Qe4 66. Qf7+ Kxg4 67. Qh5+ Kg3 0-1

[Event "Bay Area International"]
[Site "?"]
[Date "2014.01.06"]
[Round "7"]
[White "Vovsha, Eli"]
[Black "Breckenridge, Steven"]
[Result "1-0"]
[WhiteElo "2483"]
[BlackElo "2342"]
[PlyCount "39"]
[EventDate "2014.??.??"]
[Source "Chess Today"]
[SourceDate "2014.01.07"]

1. e4 e5 2. Nf3 Nc6 3. d4 exd4 4. Nxd4 Nf6 5. Nxc6 bxc6 6. e5 Qe7 7. Qe2 Nd5 8.
c4 Ba6 9. Nd2 g5 10. h4 gxh4 11. Nf3 Qb4+ 12. Kd1 Bc5 13. Qc2 Bb6 14. Bd2 Qc5
15. cxd5 Qxf2 16. Bxa6 Qxg2 17. Rf1 h3 18. Qf5 cxd5 19. Ng5 Rf8 20. Nxh7 1-0

[Event "Bay Area International"]
[Site "?"]
[Date "2014.01.06"]
[Round "7"]
[White "Xiong, Jeffery"]
[Black "Molner, Mackenzie"]
[Result "1/2-1/2"]
[WhiteElo "2331"]
[BlackElo "2525"]
[PlyCount "49"]
[EventDate "2014.??.??"]
[Source "Chess Today"]
[SourceDate "2014.01.07"]

1. e4 e5 2. Nf3 Nc6 3. Bb5 a6 4. Ba4 Nf6 5. O-O Be7 6. Re1 b5 7. Bb3 d6 8. c3
O-O 9. d4 Bg4 10. Be3 Bh5 11. Nbd2 d5 12. Qb1 Bxf3 13. Nxf3 exd4 14. Nxd4 Nxd4
15. Bxd4 Nxe4 16. Bxd5 Qxd5 17. Qxe4 Qxe4 18. Rxe4 Bd6 19. a4 f6 20. b4 a5 21.
axb5 axb4 22. Rxa8 Rxa8 23. cxb4 Bxb4 24. g4 Bd6 25. b6 1/2-1/2

[Event "Basel Master Open 2014"]
[Site "Basel SUI"]
[Date "2014.01.04"]
[Round "5.3"]
[White "Fier, A."]
[Black "Kovalenko, I."]
[Result "1/2-1/2"]
[WhiteElo "2572"]
[BlackElo "2634"]
[PlyCount "104"]
[EventDate "2014.01.01"]
[EventType "swiss"]
[EventRounds "7"]
[EventCountry "SUI"]
[Source "Chess Today"]
[SourceDate "2014.01.07"]

1. e4 c6 2. d4 d5 3. Nc3 dxe4 4. Nxe4 Bf5 5. Ng3 Bg6 6. h4 h6 7. Nf3 e6 8. Ne5
Bh7 9. Bd3 Bxd3 10. Qxd3 Nd7 11. f4 Nxe5 12. fxe5 c5 13. Be3 cxd4 14. Qb5+ Qd7
15. Qxd7+ Kxd7 16. O-O-O Ke8 17. Bxd4 Ne7 18. Nh5 Nc6 19. Rh3 Rd8 20. c3 b6 21.
Rg3 Rh7 22. Rg4 Rd5 23. Re1 Kd8 24. a3 Be7 25. Nf4 h5 26. Nxd5 hxg4 27. Nxe7
Kxe7 28. g3 f6 29. Kd2 Rh5 30. exf6+ gxf6 31. b4 Rd5 32. Kd3 Kd6 33. Rf1 Ke7
34. a4 f5 35. Kc4 Kf7 36. Re1 Nxd4 37. cxd4 Kf6 38. Kd3 Rd7 39. b5 Rc7 40. Rf1
Rc8 41. Re1 Kf7 42. h5 Rh8 43. Rh1 Kf6 44. Ke3 e5 45. dxe5+ Kxe5 46. h6 Kf6 47.
h7 Re8+ 48. Kf2 Rh8 49. Ke3 Re8+ 50. Kd4 Rd8+ 51. Kc4 Rh8 52. Kd4 Rd8+ 1/2-1/2

[Event "Basel Master Open 2014"]
[Site "Basel SUI"]
[Date "2014.01.04"]
[Round "5.4"]
[White "Kopylov, M."]
[Black "Rodshtein, M."]
[Result "0-1"]
[WhiteElo "2460"]
[BlackElo "2682"]
[PlyCount "68"]
[EventDate "2014.01.01"]
[EventType "swiss"]
[EventRounds "7"]
[EventCountry "SUI"]
[Source "Chess Today"]
[SourceDate "2014.01.07"]

1. d4 e6 2. c4 b6 3. Nf3 Bb7 4. g3 Bb4+ 5. Nbd2 f5 6. Bg2 Nf6 7. O-O O-O 8. Qc2
Qe8 9. c5 Bxd2 10. Bxd2 Be4 11. Qb3 Nc6 12. Bf4 Nd5 13. Rfd1 Qh5 14. Rd2 Rf6
15. Be5 Rh6 16. h4 f4 17. Ng5 Bxg2 18. Kxg2 bxc5 19. Rc1 cxd4 20. Rxc6 dxc6 21.
Qc4 fxg3 22. Bxg3 Rf6 23. Rxd4 Raf8 24. Re4 Qg6 25. Rg4 Qf5 26. Re4 Rb8 27.
Qxc6 h6 28. Re5 Nf4+ 29. Bxf4 Qxf4 30. Nf3 Qg4+ 31. Kf1 Qh3+ 32. Ke1 Qh1+ 33.
Kd2 Rd8+ 34. Ke3 Rxf3+ 0-1

[Event "Basel Master Open 2014"]
[Site "Basel SUI"]
[Date "2014.01.04"]
[Round "6.2"]
[White "Bartel, Mat"]
[Black "Popov, Iv RUS"]
[Result "1/2-1/2"]
[WhiteElo "2650"]
[BlackElo "2650"]
[PlyCount "52"]
[EventDate "2014.01.01"]
[EventType "swiss"]
[EventRounds "7"]
[EventCountry "SUI"]
[Source "Chess Today"]
[SourceDate "2014.01.07"]

1. e4 c6 2. Nc3 d5 3. Nf3 Bg4 4. h3 Bxf3 5. Qxf3 e6 6. Qg3 g6 7. d4 Nd7 8. exd5
exd5 9. Bd3 Bg7 10. Bg5 Ngf6 11. O-O-O O-O 12. Qf3 b5 13. Kb1 b4 14. Ne2 c5 15.
Bb5 h6 16. Bh4 Qc7 17. Bxd7 Nxd7 18. Qxd5 Rfe8 19. Bg3 Qc8 20. Qf3 Nb6 21. Be5
Bxe5 22. dxe5 Rxe5 23. Nf4 Qf5 24. Rhe1 Rxe1 25. Rxe1 Rd8 26. Kc1 Rd4 1/2-1/2

[Event "Basel Master Open 2014"]
[Site "Basel SUI"]
[Date "2014.01.04"]
[Round "6.3"]
[White "Rodshtein, M."]
[Black "El Debs, F."]
[Result "1-0"]
[WhiteElo "2682"]
[BlackElo "2520"]
[PlyCount "71"]
[EventDate "2014.01.01"]
[EventType "swiss"]
[EventRounds "7"]
[EventCountry "SUI"]
[Source "Chess Today"]
[SourceDate "2014.01.07"]

1. e4 c5 2. Nf3 e6 3. d4 cxd4 4. Nxd4 Nf6 5. Nc3 Nc6 6. a3 Be7 7. g3 d5 8. exd5
Nxd5 9. Nce2 Qa5+ 10. c3 Nxd4 11. Qxd4 Bf6 12. Qd2 b5 13. Bg2 Bb7 14. O-O O-O
15. Nf4 Rfd8 16. Nh5 Be7 17. Qe2 g6 18. Nf4 Bf6 19. Rd1 Nxf4 20. Bxf4 Bxg2 21.
Kxg2 Qb6 22. Qf3 Be7 23. Be3 Qc7 24. a4 b4 25. cxb4 Bxb4 26. Bg5 Rdb8 27. Rac1
Qa5 28. Rd7 Qf5 29. Qxf5 exf5 30. Rcc7 Bf8 31. Rxf7 Rxb2 32. Rxh7 Rc2 33. Rcd7
Rc6 34. Be3 Rc4 35. Rhf7 Rc6 36. Rxa7 1-0

[Event "Basel Master Open 2014"]
[Site "Basel SUI"]
[Date "2014.01.04"]
[Round "6.4"]
[White "Sethuraman, S."]
[Black "Grachev, B."]
[Result "1/2-1/2"]
[WhiteElo "2573"]
[BlackElo "2668"]
[PlyCount "157"]
[EventDate "2014.01.01"]
[EventType "swiss"]
[EventRounds "7"]
[EventCountry "SUI"]
[Source "Chess Today"]
[SourceDate "2014.01.07"]

1. d4 d5 2. c4 e6 3. Nf3 Nf6 4. g3 Bb4+ 5. Bd2 Be7 6. Bg2 c6 7. Qc2 O-O 8. O-O
Nbd7 9. Rd1 b6 10. Bf4 Bb7 11. Ne5 Nh5 12. Bd2 Nhf6 13. Bf4 Nh5 14. Bd2 Nhf6
15. cxd5 cxd5 16. Nc6 Bxc6 17. Qxc6 Rc8 18. Qa4 Qc7 19. Nc3 Qb7 20. e3 a6 21.
Qb3 Rc7 22. Rac1 Rfc8 23. Ne2 Ne4 24. Be1 h6 25. Rxc7 Rxc7 26. Rc1 Nd6 27. Bf1
Rxc1 28. Nxc1 Qc6 29. Qd1 a5 30. Nd3 g6 31. Nf4 Bg5 32. Nd3 h5 33. Nc1 Ne4 34.
Ne2 Be7 35. f3 Nd6 36. Bf2 Bg5 37. Nc3 b5 38. Bd3 b4 39. Qa4 Qc7 40. Ne2 Nf6
41. h3 Bh6 42. g4 hxg4 43. hxg4 Nc4 44. Qc2 Qb7 45. Nf4 a4 46. b3 axb3 47. axb3
Na5 48. Be1 Nc6 49. Bg3 e5 50. dxe5 Nxe5 51. Be2 d4 52. e4 Bxf4 53. Bxf4 d3 54.
Qd2 Nfd7 55. Bd1 Qc7 56. Kf2 Qc3 57. Be3 Nc6 58. Qa2 Nf6 59. g5 Nd7 60. Qa8+
Kg7 61. Qa2 Nc5 62. Qd2 Ne6 63. Qc1 Kh7 64. Bd2 Qd4+ 65. Be3 Qc3 66. Bd2 Qd4+
67. Kg2 Na5 68. Be3 Qc3 69. Bd2 Qxc1 70. Bxc1 Nd4 71. Bd2 Nc2 72. Kf2 Kg8 73.
f4 Kf8 74. f5 Ke7 75. Kg3 gxf5 76. exf5 Nxb3 77. Bxb4+ Nxb4 78. Bxb3 f6 79.
gxf6+ 1/2-1/2

[Event "Basel Master Open 2014"]
[Site "Basel SUI"]
[Date "2014.01.05"]
[Round "7.3"]
[White "Popilski, G."]
[Black "Istratescu, A."]
[Result "1/2-1/2"]
[WhiteElo "2492"]
[BlackElo "2677"]
[PlyCount "84"]
[EventDate "2014.01.01"]
[EventType "swiss"]
[EventRounds "7"]
[EventCountry "SUI"]
[Source "Chess Today"]
[SourceDate "2014.01.07"]

1. e4 g6 2. d4 Bg7 3. Nf3 d6 4. Be2 Nf6 5. Nc3 O-O 6. O-O c6 7. a4 Qc7 8. Be3
Nbd7 9. Nd2 b6 10. f4 Bb7 11. a5 Rae8 12. a6 Ba8 13. e5 Nd5 14. Nxd5 cxd5 15.
Ra3 Rc8 16. Rc3 Qb8 17. Nb1 e6 18. Rxc8 Rxc8 19. Nc3 f6 20. Bg4 Re8 21. Nb5 Bf8
22. Bd2 Bc6 23. Nxd6 Bxd6 24. exd6 Bb5 25. Be2 Bxe2 26. Qxe2 Qxd6 27. f5 Kf7
28. fxg6+ hxg6 29. Qf2 Rh8 30. Bf4 Qe7 31. Qg3 Kg7 32. Bd6 Qf7 33. Rf3 Rc8 34.
Rc3 Qe8 35. Qe3 Rxc3 36. Qxc3 e5 37. dxe5 Nxe5 38. Qc7+ Nf7 39. Be7 Qa4 40. h3
Qd4+ 41. Kh1 Qxb2 42. Qxa7 Qa1+ 1/2-1/2